| 000 | 00533nam a2200205 a 4500 | ||
|---|---|---|---|
| 005 | 20140310183330.0 | ||
| 008 | 060822s19uu xx 00 eng d | ||
| 020 | _a30471126012 | ||
| 050 |
_aHD 59.35 _b.Sk55 2003 |
||
| 100 | _aSkinner, Bruce E. | ||
| 245 | _aEvent sponsorship. | ||
| 260 |
_aU.S.A : _bJohn Wiley & Sons, _c2003. |
||
| 300 |
_a298 p. : _c26 cm. |
||
| 521 | _aBSBA | ||
| 650 | _aCorporate sponsorship. | ||
| 650 | _aSpecial events. | ||
| 700 | _aRukavina, Vladimir | ||
| 942 |
_cBK _2lcc _kFOR |
||
| 999 |
_c21542 _d21542 |
||